000 00779nam a22002297a 4500
005 20170124110011.0
010 _aB-058692
020 _c00.00
_a817391432
035 _aB-058692
037 _bCen Lib/Ret
040 _aDPL
_bEN
082 _a331.31
_bNAR
100 _aNarendra Prasad
_917851
245 _aPopulation growth and child labour :
_cby Narendra Prasad
_bthe Indian dilemma /
260 _bKanishka Publishers
_aNew Delhi
_c2001
270 _bNew Delhi
_a4697/5-21A, ansari road, dariya ganj
_e110002
300 _av, 201p.
_c21cm(Hb)
500 _aIncludes bibliographical references and index
650 _aChild labor--Law and legislation
_97773
650 _aChild labor--Government policy
_972464
942 _2ddc
_cEN
_h331.31
_mNAR
999 _c126567
_d126567